Waterloo iON Light Rail Stations - Statistics

General Stats
  • This quiz has been taken 24 times
  • The average score is 14 of 19
Answer Stats
City Answer % Correct
Waterloo Northern Terminus Conestoga
100%
Kitchener Southern Terminus Fairway
100%
Waterloo University of Waterloo
100%
Waterloo Laurier - Waterloo Park
94%
Waterloo Northfield
88%
Kitchener Mill
81%
Waterloo Research and Technology
81%
Kitchener Borden
75%
Waterloo Allen
69%
Kitchener Grand River Hospital
69%
Kitchener Northbound ↑ Kitchener City Hall
69%
Kitchener Kitchener Market
69%
Kitchener Southbound ↓ Victoria Park
69%
Waterloo Northbound ↑ Waterloo Public Square
69%
Waterloo Southbound ↓ Willis Way
69%
Kitchener Block Line
63%
Kitchener Southbound ↓ Queen
63%
Kitchener Central Station - Innovation District
56%
Kitchener Northbound ↑ Frederick
56%
No matching quizzes found
Score Distribution
Percent of People with Each Score
Percentile by Number Answered
Your Score History
You have not taken this quiz